| 000 | 01540nam a2200361 i 4500 | ||
|---|---|---|---|
| 001 | 192969 | ||
| 003 | ES-MaACL | ||
| 005 | 20240526062942.0 | ||
| 007 | ta | ||
| 008 | 230713b2022 sp ||||| |||| 00| 0 spa d | ||
| 017 |
_aBU 312-2022 _bOficina Depósito Legal Burgos |
||
| 020 | _a9788409470532 | ||
| 040 |
_bspa _cES-MaACL |
||
| 080 | _2930.255(460.182) | ||
| 080 | _272.036(460.182)"15/18" | ||
| 100 | 1 |
_aPayo Hernanz, René Jesús, _d1966- _9233700 _eaut |
|
| 245 | 1 | 0 |
_aTrazas, proyectos y diseños de la edad moderna en Burgos en el Archivo Histórico Provincial, 1575-1802 / _cRené Jesús Payo Hernanz, María José Zaparaín Yáñez. |
| 260 |
_aBurgos : _bJunta Castilla y León : _bCátedra de Estudios del Patrimonio Artístico Alberto C. Ibáñez, _c2022. |
||
| 300 |
_a494 páginas : _bilustraciones (blanco y negro y color) ; _c28 cm. |
||
| 336 |
_2rdacontent _aTexto |
||
| 337 |
_2rdamedia _asin mediación |
||
| 338 |
_2rdacarrier _avolumen |
||
| 500 | _aÍndices | ||
| 504 | _aBibliografía: páginas 449-467 | ||
| 610 | 2 |
_aArchivo Histórico Provincial de Burgos _9233706 |
|
| 650 | 4 |
_aArquitectura- _99988 _zBurgos (Provincia) |
|
| 700 | 1 |
_aZaparaín Yáñez, María José, _d1963- _9233704 _eaut |
|
| 710 |
_aUniversidad de Burgos. _bCátedra de Estudios del Patrimonio Artístico Alberto C. Ibáñez _9233705 _eedt |
||
| 852 |
_aES-MaACL _bR. 154472 _cDEPOJ _hDonación: Editorial _jN-8497 _9200271 |
||
| 942 |
_n0 _cMONOGRAFIA |
||
| 999 |
_c192969 _d192969 |
||